000
00292nam a22001337a 4500
008
260218b ||||| |||| 00| 0 eng d
020
_a
0962214167
041
_a
Shqip
080
_a
2.1
100
_a
2.1
101
_a
roman
245
_a
Who will slay Wolf
_c
Ali Podrimja
942
_2
lcc
_c
BK
999
_c
60815
_d
60815